| 000 | 00870cam a2200229 4500 | ||
|---|---|---|---|
| 001 | WB3630-30 | ||
| 008 | 000000n2000 000 0 eng u | ||
| 035 | _a(Sirsi) u107487 | ||
| 245 | _aSurveyors in bribes scandal | ||
| 260 | _c2000 | ||
| 490 |
_aSunday Business _v30 July 2000, 7; 13 August 2000, 9 |
||
| 490 |
_aTimes _v1 August 2000, 20(2) |
||
| 520 | _aSurveying firm Edward Symmons and Partners have been caught up in a corruption scandal after two members of staff demanded bribes in return for contracts. The investigation by the Metropolitan Police Fraud Squad has been widened to include the Inland Revenue. | ||
| 590 | _aWB | ||
| 650 | _aSURVEYING FIRMS | ||
| 650 | _aEDWARD SYMMONS AND PARTNERS | ||
| 650 | _aBRIBERY | ||
| 650 | _aFRAUD | ||
| 650 | _aMISCONDUCT | ||
| 690 | _aMANAGEMENT-BUSINESS MANAGEMENT-PROFESSIONAL PRACTICE | ||
| 942 | _n0 | ||
| 999 |
_c64251 _d64251 |
||